000 01367cam a22003494a 4500
001 12243144
003 OSt
005 20230904134039.0
008 001128s2001 enka b 001 0 eng
010 _a 00068430
020 _a0415241820
020 _a9780415241823
020 _a0415241839 (pbk.)
040 _aDLC
_cDLC
_dDLC
042 _apcc
050 0 0 _aHB72
_b.S674 2001
082 0 0 _a330.01
_bSTA/V
100 1 _aStaveren, Irene van
_99417
245 1 4 _aThe values of economics :
_ban Aristotelian perspective /
_cIrene van Staveren.
260 _aLondon ;
_aNew York :
_bRoutledge,
_c2001.
300 _axiii, 242 p. :
_bill. ;
_c24 cm.
440 0 _aEconomics as social theory
504 _aIncludes bibliographical references (p. 221-237) and index.
600 0 0 _aAristotle.
650 0 _aEconomics
_xPhilosophy.
650 0 _aEconomics
_xMoral and ethical aspects.
856 4 1 _3Table of contents only
_uhttp://www.loc.gov/catdir/toc/fy042/00068430.html
856 4 2 _3Publisher description
_uhttp://www.loc.gov/catdir/enhancements/fy0650/00068430-d.html
906 _a7
_bcbc
_corignew
_d1
_eocip
_f20
_gy-gencatlg
942 _2ddc
_cBK
_h330.01
_iSTA/V
_k330.01
_mSTA/V
999 _c42103
_d42103